|
|
|
|
| LEADER |
00000cam a2200000 7i4500 |
| 001 |
0000002895 |
| 005 |
20040315.0 |
| 020 |
0 |
0 |
|a 8170353041
|
| 090 |
0 |
0 |
|a R615.3210954
|b SHA 2003
|
| 100 |
1 |
0 |
|a SHARMA
|h Ravindra
|
| 245 |
1 |
0 |
|a Medicinal plants of India :
|b an encyclopaedia
|c Ravindra Sharma
|
| 260 |
0 |
0 |
|a Delhi :
|b Daya Pub. Hse. ,
|c 2003
|
| 300 |
|
|
|a xxxi, 302 p., col. plates :
|b ill. ;
|c 25 cm.
|
| 500 |
0 |
0 |
|a Includes bibliography : p. 287-291 and index
|
| 650 |
0 |
0 |
|a Materia medica, Vegetables
|z India
|x Encyclopedias
|
| 650 |
0 |
0 |
|a Medicinal plants
|z Indi
|x Encyclopedias
|
| 998 |
|
|
|a JPSM
|
| 999 |
|
|
|a 0000005206
|b Monograph
|c Reference
|e Default branch
|